| 000 | 00860nam a2200277 a 4500 | ||
|---|---|---|---|
| 001 | 4753074 | ||
| 003 | Ke-BoTe | ||
| 005 | 20220613190736.0 | ||
| 008 | 850423s1988 ohua b 001 0 eng | ||
| 010 | _a 85061352 | ||
| 020 | _a0538326107 | ||
| 040 |
_aDLC _cDLC _dDLC |
||
| 050 | 0 | 0 |
_aTX353 _b.T83 1988 |
| 082 | 0 | 0 |
_a612/.3 _219 |
| 100 | 1 |
_aTuckwell, Mary Jo. _98264 |
|
| 245 | 1 | 0 |
_aFood choices : _beating for health / _cMary Jo Tuckwell. |
| 260 |
_aCincinnati, Ohio : _bSouth-Western Pub. Co., _cc1988. |
||
| 300 |
_aix, 484 p. : _bcol. ill. ; _c25 cm. |
||
| 500 | _aNew copyright statement from label on t.p. verso. | ||
| 504 | _aIncludes bibliographical references and index. | ||
| 650 | 0 |
_aNutrition. _92671 |
|
| 650 | 0 |
_aFood. _96828 |
|
| 740 | 0 | _aEating for health. | |
| 906 |
_a7 _bcbc _corignew _d2 _eopcn _f19 _gy-gencatlg |
||
| 942 |
_2lcc _cBK _n0 |
||
| 999 |
_c3968 _d3968 |
||